Целлюлоза в форме порошка: получение, свойства, применение: аннотированный указатель литературы 1951-1984 гг.

Бібліографічні деталі
Співавтор: Академия наук Киргизской ССР Институт органической химии
Інші автори: Сарыбаева Р. И. (составитель), Василькова Т. В. (редактор), Султанкулова А. С., Трушкина Н. И., Афанасьев В. А.
Мова:Російська
Опубліковано: Фрунзе, Илим, 1986
Предмети:
Формат: MixedMaterials Книга
KOHA link:https://koha.lib.tpu.ru/cgi-bin/koha/opac-detail.pl?biblionumber=103529

MARC

LEADER 00000nam0a2200000 4500
001 103529
005 20231101214506.0
035 |a (RuTPU)RU\TPU\book\111621 
090 |a 103529 
100 |a 20061018d1986 km y0rusy50 ca 
101 0 |a rus 
102 |a KG 
105 |a y a 000zy 
200 1 |a Целлюлоза в форме порошка: получение, свойства, применение  |e аннотированный указатель литературы 1951-1984 гг.  |f Академия наук Киргизской ССР, Институт органической химии; сост. Р. И. Сарыбаева, Т. В. Василькова, А. С. Султанкулова, Н. И. Трушкина; под ред. В. А. Афанасьева 
210 |a Фрунзе  |c Илим  |d 1986 
215 |a 339 с. 
610 1 |a библиографические указатели 
610 1 |a целлюлоза 
610 1 |a порошки 
610 1 |a методы исследования 
610 1 |a хроматографические методы 
610 1 |a очистка 
610 1 |a использование 
610 1 |a промышленность 
675 |a 676(01)  |v 3 
686 |a Я19:67/68  |v LBC/SL-A  |2 rubbk 
702 1 |a Сарыбаева  |b Р. И.  |4 220 
702 1 |a Василькова  |b Т. В.  |4 220 
702 1 |a Султанкулова  |b А. С.  |4 220 
702 1 |a Трушкина  |b Н. И.  |4 220 
702 1 |a Афанасьев  |b В. А.  |4 340 
712 0 2 |a Академия наук Киргизской ССР  |b Институт органической химии  |9 25560 
801 1 |a RU  |b 63413507  |c 20061018  |g PSBO 
801 2 |a RU  |b 63413507  |c 20120719  |g PSBO 
942 |c BK